W jakich klubach grał Jesus Imaz? - Statystyki

Ogólne statystyki
  • Ten quiz został rozwiązany 19 razy
  • Średni wynik to 3 z 6
Statystyki odpowiedzi
Hint Odpowiedź % Poprawnych
18/19- Jagiellonia Białystok
100%
17/18-18/19 Wisła Kraków
69%
16/17-17/18 Cadiz CF
31%
11/12-14/15 Lleida CF
23%
16/17 UCAM Murcia
23%
14/15-16/17 UE Llagostera
23%
Nie znaleziono quizów pasujących do podanych kryteriów
Rozkład punktacji
Procent ludzi z każdym wynikiem
Percentyl według liczby udzielonych odpowiedzi
Twoja historia wyników
Nie rozwiązałeś tego quizu